MARC

LEADER 00000nam0a2200000 4500
001 156678
005 20231101221922.0
035 |a (RuTPU)RU\TPU\book\169924 
090 |a 156678 
100 |a 20090330d1973 km y0rusy50 ca 
101 0 |a rus 
102 |a RU 
105 |a a z 001zy 
200 1 |a Гироскопическое ориентирование  |f Н. Н. Воронков, Н. М. Ашимов 
210 |a Москва  |c Недра  |d 1973 
215 |a 224 с.  |c ил. 
320 |a Библиогр.: с. 221. 
606 |a Гироскопические приборы  |x Применение в геодезии  |2 stltpush  |3 (RuTPU)RU\TPU\subj\7264  |9 34969 
610 1 |a гироскопическое ориентирование 
610 1 |a гироскопы 
610 1 |a гиротеодолиты 
610 1 |a конструкции 
610 1 |a устройство 
610 1 |a погрешности 
610 1 |a азимуты 
610 1 |a измерения 
675 |a 531.383  |v 3 
675 |a 528.52  |v 3 
700 1 |a Воронков  |b Н. Н.  |g Николай Николаевич 
701 1 |a Ашимов  |b Н. М.  |g Наиль Мударисович 
801 1 |a RU  |b 63413507  |c 20090330  |g PSBO 
801 2 |a RU  |b 63413507  |c 20200812  |g PSBO 
942 |c BK